Das New testament nach Alter in Christlicher Kyrchen gehabter Translation trewlich verteutscht vnd mit vielen heilsamen Annotaten erleucht ; jetzt an vielen orten corrigiert vnd gebessert mit schönen kunstreichen figuren geziert vnd fleissiger dann je vorhin außgangen

Bibliographic Details
Main Author: Dietenberger, Johannes, zomrel 1534 (Author)
Other Authors: Calenius, Gerwin, 1525-1600 (Printer), Quentel, Johann, dedičia, 16. storočie (Printer)
Format: Book
Language:German
PhysicalDescription:140 listov 48°
Subjects:

MARC

LEADER 00000nam a2200000 4500
001 vtls012145355
003 SK-MaSNL
005 20260301055852.0
008 220803s1587 gw f 000 0 ger
015 |a SNBHFA 
040 |a SNKHF  |b slo  |c SNKHF  |e rda 
041 0 |a ger 
044 |a gw  |c DE 
072 7 |a 2  |x Náboženstvo  |2 konspekt 
072 7 |a 2-23/-27  |x Biblia. Biblistika  |2 konspekt 
080 |a 21/29-1/-9  |2 2011 
080 |a 2-1  |2 2011 
080 |a 2-27  |2 2011 
080 |a 27-246  |2 2011 
100 1 |a Dietenberger, Johannes,  |d zomrel 1534  |4 aut  |9 127339 
245 1 4 |a Das New testament nach Alter in Christlicher Kyrchen gehabter Translation trewlich verteutscht vnd mit vielen heilsamen Annotaten erleucht ; jetzt an vielen orten corrigiert vnd gebessert mit schönen kunstreichen figuren geziert vnd fleissiger dann je vorhin außgangen  |c Durch D. Johan Dietenberger 
264 3 |a Zu Cöln  |b vnd die Erben etwan Johan Quentels  |c MDLXXXVII (1587) 
264 3 |a Zu Cöln  |b durch Gerwinum Calenium  |c MDLXXXVII (1587) 
300 |a 140 listov  |c 48° 
336 |a text  |b txt  |2 rdacontent 
337 |a bez média  |b n  |2 rdamedia 
338 |a zväzok  |b nc  |2 rdacarrier 
500 |a Vinety, iniciálky s ornamentálnym pozadím na 3, 6, 7, 11, 12 riadkov, s figurálnym pozadím v rámčeku na 12 riadkov, titulné listy v drevorezovom portálovom ráme, v texte drevorezy s biblickými výjavmi 
501 |a Príväzok 1. k: BIBLIA. Zu Cöln: durch Gerwinû Calenium un̄ die erben Johan Quentels, 1587. 4°.  |5 SNK IB 27958 
504 |a Marginálie, kustódy 
546 |a Nemčina  |b Fraktura 
630 0 7 |a Biblia  |p Nový zákon  |l Nemecky  |2 SNKPH  |9 360218 
650 0 7 |a náboženstvo  |2 SNKPH  |9 2023 
650 0 7 |a teológia  |2 SNKPH  |9 1814 
650 0 7 |a biblistika  |2 SNKPH  |9 1798 
700 1 |a Calenius, Gerwin,  |d 1525-1600  |4 prt  |9 179062 
700 1 |a Quentel, Johann,  |c dedičia,  |d 16. storočie  |4 prt  |9 179061 
752 |a Nemecko  |d Kolín nad Rýnom 
852 |a snk  |b Historické fondy  |p IB 27958/prív.1 
958 |a DA 
958 |a ONDV 
999 |c 614331  |d 616261 
952 |t Tlače 16.s toročia  |a SNK  |b SNK  |c SNK_HF  |y PREZ  |7 0  |p 17A1399905  |o snkIB 27958/prív.1  |i snkF 1704/72  |8 5  |0 0  |1 0  |4 0  |d 2022-08-03  |l 0  |r 2026-02-23 16:34:11  |w 2026-02-23